<?xml version="1.0" encoding="UTF-8"?>
<record
    xmlns:xsi="http://www.w3.org/2001/XMLSchema-instance"
    xsi:schemaLocation="http://www.loc.gov/MARC21/slim http://www.loc.gov/standards/marcxml/schema/MARC21slim.xsd"
    xmlns="http://www.loc.gov/MARC21/slim">

  <leader>02200na  a2200493   4500</leader>
  <controlfield tag="001">16397</controlfield>
  <controlfield tag="003">MIRAKIL</controlfield>
  <controlfield tag="005">20181213155138.0</controlfield>
  <controlfield tag="008">170213b        tu            000 0      </controlfield>
  <datafield tag="035" ind1=" " ind2=" ">
    <subfield code="a">16397</subfield>
  </datafield>
  <datafield tag="040" ind1=" " ind2=" ">
    <subfield code="a">Milas</subfield>
    <subfield code="b">tur</subfield>
    <subfield code="c">TR-AnCHP</subfield>
  </datafield>
  <datafield tag="041" ind1=" " ind2=" ">
    <subfield code="a">tur</subfield>
  </datafield>
  <datafield tag="082" ind1=" " ind2=" ">
    <subfield code="a">CHP 324.217207</subfield>
    <subfield code="b">K89c 1939</subfield>
  </datafield>
  <datafield tag="090" ind1=" " ind2=" ">
    <subfield code="a">CHP 324.217207 K89c 1939</subfield>
  </datafield>
  <datafield tag="100" ind1=" " ind2=" ">
    <subfield code="a">Kuyucak, Haz&#x131;m At&#x131;f</subfield>
  </datafield>
  <datafield tag="222" ind1=" " ind2=" ">
    <subfield code="a">Cumhuriyet Halk Partisi Konferanslar&#x131;</subfield>
  </datafield>
  <datafield tag="245" ind1=" " ind2=" ">
    <subfield code="a">D&#xFC;nya para meseleleri ve T&#xFC;rk paras&#x131;; Evlenme birli&#x11F;inde e&#x15F;lerin durumu; T&#xFC;kiyedeki i&#xE7;timai siyasetin tarih&#xE7;esi, ehemmiyeti ve ba&#x15F;l&#x131;ca meseleleri; Kom&#xFC;nlerin kalk&#x131;nmas&#x131; usulleri; &#x130;tilaf devletleri ve &#x130;zmir</subfield>
    <subfield code="c">Haz&#x131;m At&#x131;f Kuyucak; H&#xFC;seyin Avni G&#xF6;kt&#xFC;rk; Ziyaeddin Fahri; E. Reuter; Enver Ziya Karal</subfield>
  </datafield>
  <datafield tag="260" ind1=" " ind2=" ">
    <subfield code="a">[Ankara ]</subfield>
    <subfield code="b">CHP</subfield>
    <subfield code="c">1939</subfield>
    <subfield code="f">Recep Uluso&#x11F;lu Bas&#x131;mevi</subfield>
  </datafield>
  <datafield tag="300" ind1=" " ind2=" ">
    <subfield code="a">83 s.</subfield>
    <subfield code="c">23 sm.</subfield>
  </datafield>
  <datafield tag="440" ind1=" " ind2=" ">
    <subfield code="a">C.H.P.</subfield>
    <subfield code="p">Konferanslar serisi</subfield>
    <subfield code="v">4</subfield>
  </datafield>
  <datafield tag="500" ind1=" " ind2=" ">
    <subfield code="a">Yap&#x131;t, yazarlar&#x131;n konferans konu&#x15F;malar&#x131;n&#x131; i&#xE7;ermektedir</subfield>
  </datafield>
  <datafield tag="500" ind1=" " ind2=" ">
    <subfield code="a">Halk Evlerinde verilen konferans metinleridir.</subfield>
  </datafield>
  <datafield tag="505" ind1=" " ind2=" ">
    <subfield code="a">D&#xFC;nya para meseleleri ve T&#xFC;rk paras&#x131;/Haz&#x131;m At&#x131;f Kuyucak; Evlenme birli&#x11F;inde e&#x15F;lerin durumu/H&#xFC;seyin Avni G&#xF6;kt&#xFC;rk; T&#xFC;kiyedeki i&#xE7;timai siyasetin tarih&#xE7;esi, ehemmiyeti ve ba&#x15F;l&#x131;ca meseleleri/Ziyaeddin Fahri; Kom&#xFC;nlerin kalk&#x131;nmas&#x131; usulleri/ E. Reuter; &#x130;tilaf devletleri ve &#x130;zmir/ Enver Ziya Karal</subfield>
  </datafield>
  <datafield tag="610" ind1=" " ind2=" ">
    <subfield code="a">Cumhuriyet Halk Partisi (CHP)</subfield>
    <subfield code="x">Konferanslar ve seminerler</subfield>
  </datafield>
  <datafield tag="610" ind1=" " ind2=" ">
    <subfield code="a">Halkevleri</subfield>
  </datafield>
  <datafield tag="650" ind1=" " ind2=" ">
    <subfield code="a">Finans</subfield>
    <subfield code="x">T&#xFC;rk paras&#x131;</subfield>
  </datafield>
  <datafield tag="650" ind1=" " ind2=" ">
    <subfield code="a">Evlilik</subfield>
  </datafield>
  <datafield tag="650" ind1=" " ind2=" ">
    <subfield code="a">Siyasal tarih</subfield>
  </datafield>
  <datafield tag="650" ind1=" " ind2=" ">
    <subfield code="a">Siyasal ideoloji</subfield>
  </datafield>
  <datafield tag="650" ind1=" " ind2=" ">
    <subfield code="a">Tarih </subfield>
    <subfield code="x">Kurtulu&#x15F; Sava&#x15F;&#x131;</subfield>
    <subfield code="z">&#x130;zmir</subfield>
  </datafield>
  <datafield tag="657" ind1=" " ind2=" ">
    <subfield code="a">CHP konferanslar&#x131;</subfield>
  </datafield>
  <datafield tag="657" ind1=" " ind2=" ">
    <subfield code="a">Halk Evleri</subfield>
  </datafield>
  <datafield tag="700" ind1=" " ind2=" ">
    <subfield code="a">G&#xF6;kt&#xFC;rk, H&#xFC;seyin Avni </subfield>
  </datafield>
  <datafield tag="700" ind1=" " ind2=" ">
    <subfield code="a">Fahri, Ziyaeddin </subfield>
  </datafield>
  <datafield tag="700" ind1=" " ind2=" ">
    <subfield code="a">Reuter, E. </subfield>
  </datafield>
  <datafield tag="700" ind1=" " ind2=" ">
    <subfield code="a">Karal, Enver Ziya </subfield>
  </datafield>
  <datafield tag="740" ind1=" " ind2=" ">
    <subfield code="a">D&#xFC;nya para meseleleri ve T&#xFC;rk paras&#x131; </subfield>
  </datafield>
  <datafield tag="740" ind1=" " ind2=" ">
    <subfield code="a">&#x130;tilaf devletleri ve &#x130;zmir</subfield>
  </datafield>
  <datafield tag="740" ind1=" " ind2=" ">
    <subfield code="a">Evlenme birli&#x11F;inde e&#x15F;lerin durumu</subfield>
  </datafield>
  <datafield tag="740" ind1=" " ind2=" ">
    <subfield code="a">T&#xFC;kiyedeki i&#xE7;timai siyasetin tarih&#xE7;esi, ehemmiyeti ve ba&#x15F;l&#x131;ca meseleleri</subfield>
  </datafield>
  <datafield tag="740" ind1=" " ind2=" ">
    <subfield code="a">Kom&#xFC;nlerin kalk&#x131;nmas&#x131; usulleri</subfield>
  </datafield>
  <datafield tag="830" ind1=" " ind2=" ">
    <subfield code="a">CHP Yay&#x131;nlar&#x131;</subfield>
  </datafield>
  <datafield tag="942" ind1=" " ind2=" ">
    <subfield code="2">ddc</subfield>
    <subfield code="c">BKS</subfield>
  </datafield>
  <datafield tag="952" ind1=" " ind2=" ">
    <subfield code="a">0001</subfield>
    <subfield code="b">0001</subfield>
    <subfield code="d">2016-10-05</subfield>
    <subfield code="e">2</subfield>
    <subfield code="l">0</subfield>
    <subfield code="o">CHP 324.217207 K89c 1939</subfield>
    <subfield code="p">004377</subfield>
    <subfield code="r">2016-10-05 00:00:00</subfield>
    <subfield code="t">k.4</subfield>
    <subfield code="v">0.00</subfield>
    <subfield code="w">2016-10-05</subfield>
    <subfield code="y">BKS</subfield>
  </datafield>
  <datafield tag="952" ind1=" " ind2=" ">
    <subfield code="a">0001</subfield>
    <subfield code="b">0001</subfield>
    <subfield code="d">2016-10-05</subfield>
    <subfield code="e">2</subfield>
    <subfield code="l">0</subfield>
    <subfield code="o">CHP 324.217207 K89c 1939</subfield>
    <subfield code="p">004378</subfield>
    <subfield code="r">2016-10-05 00:00:00</subfield>
    <subfield code="t">k.3</subfield>
    <subfield code="v">0.00</subfield>
    <subfield code="w">2016-10-05</subfield>
    <subfield code="y">BKS</subfield>
  </datafield>
  <datafield tag="952" ind1=" " ind2=" ">
    <subfield code="a">0001</subfield>
    <subfield code="b">0001</subfield>
    <subfield code="d">2016-10-05</subfield>
    <subfield code="e">2</subfield>
    <subfield code="l">0</subfield>
    <subfield code="o">CHP 324.217207 K89c 1939</subfield>
    <subfield code="p">004379</subfield>
    <subfield code="r">2016-10-05 00:00:00</subfield>
    <subfield code="t">k.2</subfield>
    <subfield code="v">0.00</subfield>
    <subfield code="w">2016-10-05</subfield>
    <subfield code="y">BKS</subfield>
  </datafield>
  <datafield tag="952" ind1=" " ind2=" ">
    <subfield code="a">0001</subfield>
    <subfield code="b">0001</subfield>
    <subfield code="d">2016-10-05</subfield>
    <subfield code="e">2</subfield>
    <subfield code="l">0</subfield>
    <subfield code="o">CHP 324.217207 K89c 1939</subfield>
    <subfield code="p">004380</subfield>
    <subfield code="r">2016-10-05 00:00:00</subfield>
    <subfield code="v">0.00</subfield>
    <subfield code="w">2016-10-05</subfield>
    <subfield code="y">BKS</subfield>
  </datafield>
  <datafield tag="999" ind1=" " ind2=" ">
    <subfield code="c">7417</subfield>
    <subfield code="d">7417</subfield>
  </datafield>
</record>
